Bioťica da Libertaȯ̂ e Sad︢e do Trabalhador a (in) Admissibilidade dos Exames Genťicos Preditivos nas Relaė̳s de Trabalho

Detalles Bibliográficos
Autor principal: Rodrigues Luz Faria, Ana Paula
Formato: Libro
Lenguaje:portugués
Publicado: Brasil LTR 2016
Materias:
Acceso en línea:Acceso restringido

MARC

LEADER 00000nam a22000007a 4500
005 20160620131826.0
007 cr|||| ||u|
008 160620s2016 bl ||||| |||| 00||0 por d
020 |a 978-85-361-8787-3 
035 |a 14315 
040 |a vLex 
090 |c 6190  |d 6190 
100 1 |a Rodrigues Luz Faria, Ana Paula 
245 1 0 |a Bioťica da Libertaȯ̂ e Sad︢e do Trabalhador a (in) Admissibilidade dos Exames Genťicos Preditivos nas Relaė̳s de Trabalho  |h [Recurso electronico]  |c Ana Paula Rodrigues Luz Faria 
256 |a Servicio en linea  
260 |a Brasil  |b LTR  |c 2016 
300 |a 1 recurso electronico 
506 1 |a Contenido solo disponible en los productos indicados  |d vLex Global  |d vLex Global (Academic Edition, excluding Law Schools)  |d vLex Global (Academic Edition, Law Schools)aw Schools)  |d vLex Global (U.S. Academic Edition, excluding Law Schools)  |d vLex Global (U.S. Academic Edition, Law Schools) 
650 0 4 |a Bioetica  |b Brasil 
740 0 |a vLex libros (servicio en linea)  
856 4 0 |z Acceso restringido  |u http://vlex.com/source/bioetica-liberta-o-saude-trabalhador-14315 
942 |c BOOK 
999 0 |a Bioethics  |b Brasil